000 00316nam a22001337a 4500
008 170908b xxu||||| |||| 00| 0 eng d
020 _a9780471142843
041 _aeng
080 _a91
100 _a42
101 _aGJEO
245 _aFUNDAMENTALS OF GEOGRAPHIC INFORMATION SYSTEMS
_cDEMERS,M.N
942 _2udc
_cBK
999 _c26873
_d26873